Big data, smart cities, intelligent buildings (Record no. 116132)

MARC details
000 -LEADER
fixed length control field 01304cad a22002895a 4500
001 - CONTROL NUMBER
control field L159828
008 - FIXED-LENGTH DATA ELEMENTS--GENERAL INFORMATION
fixed length control field 100415u20180410xxk g 000 0 eng d
035 ## - SYSTEM CONTROL NUMBER
System control number (Sirsi) u159828
041 0# - LANGUAGE CODE
Language code of text/sound track or separate title eng
110 ## - MAIN ENTRY--CORPORATE NAME
Corporate name or jurisdiction name as entry element Royal Institution of Chartered Surveyors
9 (RLIN) 4900
245 04 - TITLE STATEMENT
Title Big data, smart cities, intelligent buildings
Remainder of title surveying in a digital world
Medium [electronic resource]
260 ## - PUBLICATION, DISTRIBUTION, ETC.
Place of publication, distribution, etc. London
Name of publisher, distributor, etc. RICS
Date of publication, distribution, etc. 2018
300 ## - PHYSICAL DESCRIPTION
Extent 28p.
490 #0 - SERIES STATEMENT
Series statement RICS Research
490 #0 - SERIES STATEMENT
Series statement RICS Insight
520 ## - SUMMARY, ETC.
Summary, etc. Considers the potential disruptive impact of big data and digital technologies on traditional surveying practice. This paper recognises that there will be a great deal of variability among professionals in knowledge, understanding and expertise in this area. Internationally, it is evident that different countries are at different stages of development in the adoption of digital technologies.
590 ## - LOCAL NOTE (RLIN)
Local note KA NTK
650 24 - SUBJECT ADDED ENTRY--TOPICAL TERM
Topical term or geographic name entry element SMART CITIES
650 24 - SUBJECT ADDED ENTRY--TOPICAL TERM
Topical term or geographic name entry element BIG DATA
650 24 - SUBJECT ADDED ENTRY--TOPICAL TERM
Topical term or geographic name entry element OPEN DATA
651 #4 - SUBJECT ADDED ENTRY--GEOGRAPHIC NAME
Geographic name United Kingdom
651 #4 - SUBJECT ADDED ENTRY--GEOGRAPHIC NAME
Geographic name International
690 ## - LOCAL SUBJECT ADDED ENTRY--TOPICAL TERM (OCLC, RLIN)
Topical term or geographic name as entry element Planning and development
9 (RLIN) 6259
700 1# - ADDED ENTRY--PERSONAL NAME
Personal name Mehdi, N.
856 40 - ELECTRONIC LOCATION AND ACCESS
Uniform Resource Identifier <a href="https://www.rics.org/content/dam/ricsglobal/documents/to-be-sorted/big_data_smart_cities_insight_mar2018_130218_mb.pdf">https://www.rics.org/content/dam/ricsglobal/documents/to-be-sorted/big_data_smart_cities_insight_mar2018_130218_mb.pdf</a>
Public note Available on RICS.org
942 ## - ADDED ENTRY ELEMENTS (KOHA)
Suppress in OPAC 0
Source of classification or shelving scheme Dewey Decimal Classification
Holdings
Withdrawn status Lost status Source of classification or shelving scheme Damaged status Not for loan Home library Current library Shelving location Date acquired Total Checkouts Full call number Barcode Date last seen Copy number Price effective from Koha item type
    Dewey Decimal Classification     Virtual Virtual Online 12/03/2018   ONLINE PUBLICATION 159828-2001 25/08/2023 1 06/08/2019 Book